[Event "Bundesliga 2021-22"]
[Site "Berlin GER"]
[Date "2022.07.08"]
[Round "12.3"]
[Board "3"]
[White "Piceu, Tom"]
[Black "L'Ami, Erwin"]
[Result "0-1"]
[WhiteTitle "IM"]
[BlackTitle "GM"]
[WhiteElo "2331"]
[BlackElo "2621"]
[WhiteTeam "Aachener SV"]
[BlackTeam "SG Solingen"]
[WhiteFideId "201952"]
[BlackFideId "1007998"]
[EventDate "2022.03.05"]

1. d4 d5 2. Nf3 Nf6 3. e3 c5 4. c3 e6 5. Bd3 b6 6. Nbd2 Bb7 7. Ne5 Nbd7 8. f4
Be7 9. O-O O-O 10. Qf3 Ne8 11. Qh3 f5 12. g4 Nd6 13. Ndf3 Nxe5 14. fxe5 Ne4 15.
Bd2 Qe8 16. Qg2 fxg4 17. Qxg4 Rf5 18. Be1 g5 19. Nd2 h5 20. Qg2 Rxf1+ 21. Bxf1
Qg6 22. Nxe4 dxe4 23. Be2 Rf8 24. Bd2 Rf3 25. Rf1 g4 26. Bxf3 exf3 27. Qg3 h4 0-1

[Event "Bundesliga 2021-22"]
[Site "Berlin GER"]
[Date "2022.07.08"]
[Round "12.3"]
[Board "4"]
[White "Warmerdam, Max"]
[Black "Lemmers, Oscar"]
[Result "0-1"]
[WhiteTitle "GM"]
[BlackTitle "IM"]
[WhiteElo "2600"]
[BlackElo "2337"]
[WhiteTeam "SG Solingen"]
[BlackTeam "Aachener SV"]
[WhiteFideId "1048104"]
[BlackFideId "1002759"]
[EventDate "2022.03.05"]

1. e4 c5 2. Nf3 e6 3. d4 cxd4 4. Nxd4 a6 5. Bd3 Bc5 6. Nb3 Be7 7. Qg4 g6 8. Qe2
d6 9. Nc3 Nd7 10. a3 Ne5 11. Be3 Nf6 12. O-O-O b5 13. Bh6 Nfg4 14. Bg7 Rg8 15.
Bxe5 Nxe5 16. f4 Nxd3+ 17. Rxd3 Qc7 18. Rf1 Bb7 19. g3 Bf6 20. f5 Be5 21. fxe6
fxe6 22. Qg4 Qe7 23. Na5 h5 24. Qh3 Bxc3 25. Rxc3 Bxe4 26. Rc7 Qxc7 27. Qxe6+
Qe7 28. Qxg8+ Kd7 29. Qb3 Bf5 30. Nc4 Qe2 31. Nd2 Rc8 32. Qf7+ Kd8 33. c3 Qd3
34. Qb3 Rc5 35. Rd1 a5 36. Re1 Rd5 37. Qd1 b4 38. axb4 axb4 39. c4 Ra5 40. Nb3
Qxc4+ 0-1

[Event "Bundesliga 2021-22"]
[Site "Berlin GER"]
[Date "2022.07.08"]
[Round "12.3"]
[Board "5"]
[White "Sonntag, Hans-Hubert"]
[Black "Andersen, Mads"]
[Result "0-1"]
[WhiteTitle "IM"]
[BlackTitle "GM"]
[WhiteElo "2327"]
[BlackElo "2570"]
[WhiteTeam "Aachener SV"]
[BlackTeam "SG Solingen"]
[WhiteFideId "4601025"]
[BlackFideId "1413864"]
[EventDate "2022.03.05"]

1. d4 d5 2. Nf3 Nf6 3. c4 c6 4. Nc3 e6 5. e3 Nbd7 6. Qc2 Bd6 7. Bd3 O-O 8. O-O
dxc4 9. Bxc4 b5 10. Be2 Bb7 11. Rd1 Qc7 12. h3 a6 13. e4 e5 14. Bg5 exd4 15.
Bxf6 Nxf6 16. Rxd4 Be5 17. Rdd1 Rfe8 18. Nxe5 Qxe5 19. Bf3 h5 20. Qd2 h4 21. Qd6
c5 22. Qb6 Rab8 23. Qa7 Re7 24. Qb6 Bxe4 25. Rd8+ Rxd8 26. Qxd8+ Re8 27. Qd1
Bxf3 28. Qxf3 b4 29. Na4 c4 30. a3 a5 31. axb4 axb4 32. Qc6 Qf4 33. Nb6 Re2 34.
Rf1 Rc2 35. Qc5 b3 36. Rd1 Rc1 37. Rxc1 Qxc1+ 38. Kh2 Qf4+ 39. Kg1 Qc1+ 40. Kh2
Qf4+ 41. Kg1 Ne4 42. Qd4 Qc1+ 43. Kh2 Qf4+ 44. Kg1 c3 45. Nd5 c2 0-1

[Event "Bundesliga 2021-22"]
[Site "Berlin GER"]
[Date "2022.07.08"]
[Round "12.3"]
[Board "6"]
[White "Nikolic, Predrag"]
[Black "Meessen, Rudolf"]
[Result "1-0"]
[WhiteTitle "GM"]
[BlackTitle "FM"]
[WhiteElo "2541"]
[BlackElo "2226"]
[WhiteTeam "SG Solingen"]
[BlackTeam "Aachener SV"]
[WhiteFideId "14400014"]
[BlackFideId "202029"]
[EventDate "2022.03.05"]

1. d4 d6 2. Nf3 g6 3. g3 Bg7 4. Bg2 Nf6 5. c4 O-O 6. O-O c5 7. d5 Re8 8. Nc3 e6
9. dxe6 Bxe6 10. Ng5 Bxc4 11. Bxb7 Nbd7 12. Bxa8 Qxa8 13. Qxd6 h6 14. Nf3 Rxe2
15. Qf4 Ba6 16. Nxe2 Bxe2 17. Nd2 Bxf1 18. Kxf1 Nd5 19. Qe4 N7f6 20. Qf3 Qe8 21.
Qe2 Qc8 22. Kg2 Qc6 23. Kg1 Nb4 24. Nc4 Qd5 25. Be3 Nc6 26. Nd2 Nd4 27. Bxd4
cxd4 28. a4 h5 29. Qb5 Qa8 30. h3 h4 31. g4 a6 32. Qc4 Ne4 33. Nxe4 Qxe4 34. Ra3
Be5 35. Qxa6 Qf4 36. Qa8+ Kg7 37. Qf3 Qc1+ 38. Kg2 Qxb2 39. a5 g5 1-0

[Event "Bundesliga 2021-22"]
[Site "Berlin GER"]
[Date "2022.07.08"]
[Round "12.3"]
[Board "7"]
[White "Lamby, Philipp"]
[Black "Naumann, Alexander"]
[Result "1/2-1/2"]
[BlackTitle "GM"]
[WhiteElo "2140"]
[BlackElo "2514"]
[WhiteTeam "Aachener SV"]
[BlackTeam "SG Solingen"]
[WhiteFideId "4657160"]
[BlackFideId "4623169"]
[EventDate "2022.03.05"]

1. e4 c5 2. c3 Nf6 3. e5 Nd5 4. d4 cxd4 5. Nf3 Nc6 6. Bc4 Nb6 7. Bb3 d5 8. exd6
Qxd6 9. O-O Be6 10. Bxe6 Qxe6 11. Nxd4 Nxd4 12. Qxd4 Rd8 13. Qb4 Qc6 14. Nd2 e6
15. Qg4 h5 16. Qe2 Be7 17. Nf3 Bf6 18. Bg5 Bxg5 19. Nxg5 Rd5 20. f4 Qc4 21. Rae1
Qxe2 22. Rxe2 g6 23. b3 Ke7 24. c4 Rd7 25. f5 gxf5 26. Rxf5 Ke8 27. h4 Nc8 28.
c5 Rh6 29. Rf4 Rc7 30. b4 b6 31. Ref2 f5 32. Re2 Kd7 33. Rd4+ Ke7 34. Re5 Rc6
35. Nf3 Kf6 36. Rd7 bxc5 37. b5 Rd6 38. Rc7 Rd1+ 39. Re1 Rxe1+ 40. Nxe1 Rh8 41.
Nd3 Nd6 42. Rxc5 Ne4 43. Rc6 Rd8 44. Nf4 Rd1+ 45. Kh2 Ke5 46. Nxh5 Nf2 47. g3
Ng4+ 48. Kg2 Rd2+ 49. Kg1 Ke4 50. Nf6+ Nxf6 51. Rxe6+ Kf3 52. Rxf6 Kxg3 53. Rxf5
Rxa2 54. h5 Rg2+ 55. Kf1 Rh2 56. Ke1 Kg4 57. Rc5 Kf4 58. Rc7 1/2-1/2

[Event "Bundesliga 2021-22"]
[Site "Berlin GER"]
[Date "2022.07.08"]
[Round "12.3"]
[Board "8"]
[White "Wegerle, Joerg"]
[Black "Jablonowski, Christoph"]
[Result "1-0"]
[WhiteTitle "IM"]
[WhiteElo "2404"]
[BlackElo "1974"]
[WhiteTeam "SG Solingen"]
[BlackTeam "Aachener SV"]
[WhiteFideId "4644743"]
[BlackFideId "24629790"]
[EventDate "2022.03.05"]

1. d4 Nf6 2. Nf3 g6 3. Nc3 d5 4. Bf4 Bg7 5. e3 O-O 6. Be2 c5 7. O-O b6 8. Ne5
Bb7 9. a4 Nfd7 10. Nf3 Re8 11. a5 e5 12. dxe5 Nxe5 13. Nxe5 Bxe5 14. Bf3 Bxc3
15. bxc3 g5 16. Bg3 b5 17. Qd3 Qd7 18. Rfd1 Rd8 19. e4 g4 20. Qe3 f6 21. Be2 Na6
22. Qf4 h5 23. Qxf6 Qg7 24. Qe6+ Qf7 25. exd5 c4 26. Qxf7+ Kxf7 27. h3 Bc8 28.
hxg4 hxg4 29. Rd4 Rg8 30. Re1 Rg6 31. Rf4+ Kg8 32. Bxc4 bxc4 33. Re8+ Kh7 34.
Rff8 Bb7 35. Rh8+ Kg7 36. Be5+ 1-0

[Event "Bundesliga 2021-22"]
[Site "Berlin GER"]
[Date "2022.07.08"]
[Round "12.4"]
[Board "1"]
[White "Tan, Justin2"]
[Black "Mamedyarov, Shakhriyar"]
[Result "0-1"]
[WhiteTitle "GM"]
[BlackTitle "GM"]
[WhiteElo "2533"]
[BlackElo "2776"]
[WhiteTeam "Duesseldorfer SK"]
[BlackTeam "SC Viernheim"]
[WhiteFideId "3206882"]
[BlackFideId "13401319"]
[EventDate "2022.03.05"]

1. e4 c5 2. c3 Nf6 3. e5 Nd5 4. Nf3 Nc6 5. d4 cxd4 6. Bc4 Nb6 7. Bb3 d5 8. exd6
Qxd6 9. O-O Be6 10. Bxe6 Qxe6 11. Nxd4 Qd7 12. Nxc6 Qxc6 13. Re1 e6 14. Qg4 h5
15. Qe2 Qc4 16. Qc2 O-O-O 17. Nd2 Qc6 18. Nf3 f6 19. Be3 e5 20. Rad1 Bc5 21.
Rxd8+ Rxd8 22. Bxc5 Qxc5 23. Qf5+ Rd7 24. h3 Qc4 25. a3 Qf7 26. Rd1 Kc7 27.
Rxd7+ Nxd7 28. Ng5 g6 29. Nxf7 gxf5 30. Nh6 f4 31. Nf5 Nc5 32. Ng7 h4 33. Ne8+
Kd7 34. Nxf6+ Ke6 35. b4 Kxf6 36. bxc5 Kf5 37. Kf1 e4 38. Ke1 Ke5 39. Kf1 Kd5
40. Ke2 Kc4 0-1

[Event "Bundesliga 2021-22"]
[Site "Berlin GER"]
[Date "2022.07.08"]
[Round "12.4"]
[Board "2"]
[White "Korobov, Anton"]
[Black "Agrest, Evgenij"]
[Result "1-0"]
[WhiteTitle "GM"]
[BlackTitle "GM"]
[WhiteElo "2695"]
[BlackElo "2568"]
[WhiteTeam "SC Viernheim"]
[BlackTeam "Duesseldorfer SK"]
[WhiteFideId "14105730"]
[BlackFideId "1705024"]
[EventDate "2022.03.05"]

1. d4 d5 2. c4 c6 3. Nf3 Nf6 4. Nc3 e6 5. e3 a6 6. b3 Bb4 7. Bd2 Bd6 8. c5 Bc7
9. Ne5 O-O 10. f4 Ne8 11. Bd3 f5 12. O-O Nf6 13. b4 Nbd7 14. a4 Ne4 15. Nxe4
fxe4 16. Be2 Nxe5 17. dxe5 Qe7 18. Bc3 a5 19. Qd4 axb4 20. Bxb4 Bd7 21. a5 Ra7
22. Ra3 Rfa8 23. Rfa1 Bc8 24. g3 Qd8 25. Qd2 Qf8 26. Kg2 Bd8 27. h4 Bc7 28. h5
Qe7 29. Kh3 Qf8 30. g4 Qe7 31. Rb1 Qd8 32. Rba1 Qe7 33. g5 Qf8 34. Kg3 Qe7 35.
Bg4 Bd7 36. Qh2 Rf8 37. Kg2 Rfa8 38. g6 h6 39. Qh3 Kh8 40. Qg3 Kg8 41. Qe1 Bd8
42. Kf1 Bc7 43. Ke2 Qf8 44. Kd1 Qe7 45. Kc2 Qf8 46. R1a2 Qd8 47. Be2 Bc8 48. Kb1
Qe7 49. Rb2 Qd8 50. a6 bxa6 51. Ba5 Bxa5 52. Qxa5 Qxa5 53. Rxa5 Rb7 54. Rxb7
Bxb7 55. Ra2 Kf8 56. Rb2 Ra7 57. Bg4 Ke7 58. f5 exf5 59. Bxf5 a5 60. Rf2 Ke8 61.
Bxe4 Bc8 62. Bf5 Bxf5+ 63. Rxf5 Re7 64. Ka2 Kd7 65. Ka3 Ke6 66. Rf8 Rb7 67. Ka4
Kxe5 68. Rf7 Rb4+ 69. Kxa5 Rb5+ 70. Ka6 Rxc5 71. Rxg7 Rc1 72. Re7+ Kf6 73. Rf7+
Ke6 74. Rf8 Rg1 75. Kb6 Kd6 76. Rd8+ Ke7 77. Rh8 Kd6 78. Rxh6 Rb1+ 79. Ka7 Rg1
80. Kb7 Rb1+ 81. Kc8 Ke7 82. g7 Kf7 83. Rg6 Kg8 84. h6 Rh1 85. Rf6 1-0

[Event "Bundesliga 2021-22"]
[Site "Berlin GER"]
[Date "2022.07.08"]
[Round "12.4"]
[Board "3"]
[White "Berelowitsch, Alexander"]
[Black "Anton Guijarro, David"]
[Result "0-1"]
[WhiteTitle "GM"]
[BlackTitle "GM"]
[WhiteElo "2506"]
[BlackElo "2694"]
[WhiteTeam "Duesseldorfer SK"]
[BlackTeam "SC Viernheim"]
[WhiteFideId "14101440"]
[BlackFideId "2285525"]
[EventDate "2022.03.05"]

1. e4 c6 2. d4 d5 3. Nc3 dxe4 4. Nxe4 Nf6 5. Nxf6+ exf6 6. c3 Bd6 7. Bd3 O-O 8.
Ne2 Re8 9. O-O Nd7 10. Bf4 Nf8 11. Qd2 Ng6 12. Bg3 h5 13. Rfe1 Be6 14. Nf4 Bxf4
15. Bxf4 Qd5 16. Bf1 Rad8 17. Be3 Nh4 18. f3 Nf5 19. Bf2 h4 20. c4 Qd6 21. Rad1
b6 22. Qc3 Rc8 23. a4 Qf4 24. Qb3 Bd7 25. Rxe8+ Rxe8 26. a5 Ne3 27. Bxe3 Rxe3
28. Qb4 h3 29. axb6 axb6 30. Qd2 Qg5 31. Re1 Rxe1 32. Qxe1 hxg2 33. Bxg2 g6 34.
h4 Qf4 35. Qf2 Qc1+ 36. Bf1 Be6 37. Qe2 Qf4 38. Qf2 Qc1 39. Qe2 Qf4 40. Qf2 Kg7
41. Kg2 Kh6 42. b4 Kh7 43. b5 cxb5 44. d5 Bd7 45. cxb5 Kg7 46. Qxb6 Qxh4 47. Qf2
Qg5+ 48. Kh2 Qh5+ 49. Kg1 Qg5+ 50. Qg2 Qxd5 51. Qe2 Qg5+ 52. Kf2 Qh4+ 53. Ke3
Qb4 54. Qc4 Qe1+ 55. Be2 g5 56. Qd5 Be6 57. Qd1 0-1

[Event "Bundesliga 2021-22"]
[Site "Berlin GER"]
[Date "2022.07.08"]
[Round "12.4"]
[Board "4"]
[White "Amin, Bassem"]
[Black "Sorensen, Hampus"]
[Result "1-0"]
[WhiteTitle "GM"]
[BlackTitle "IM"]
[WhiteElo "2683"]
[BlackElo "2364"]
[WhiteTeam "SC Viernheim"]
[BlackTeam "Duesseldorfer SK"]
[WhiteFideId "10601457"]
[BlackFideId "8703884"]
[EventDate "2022.03.05"]

1. e4 e5 2. Nf3 Nc6 3. Bc4 Bc5 4. d3 Nf6 5. O-O d6 6. c3 a6 7. a4 Ba7 8. Re1 O-O
9. h3 h6 10. Nbd2 Ne7 11. Bb3 Ng6 12. d4 Re8 13. Bc2 c6 14. Nf1 a5 15. Ng3 Bb8
16. Be3 Bc7 17. Qd2 Nh7 18. Rad1 Nh4 19. Nh2 Ng6 20. Nf5 Bxf5 21. exf5 Nf4 22.
dxe5 dxe5 23. Qxd8 Raxd8 24. Bxf4 exf4 25. Rxe8+ Rxe8 26. Rd7 Re1+ 27. Nf1 Bb6
28. Rxb7 Bc5 29. b4 Re2 30. bxc5 Rxc2 31. Rb8+ Nf8 32. Ra8 Rxc3 33. Rxa5 Nd7 34.
Ra8+ Kh7 35. a5 Rxc5 36. a6 Ra5 37. a7 g6 38. fxg6+ fxg6 39. Nd2 Kg7 40. Nb3 Ra6
41. Nd4 Kf7 42. Nxc6 Rxc6 43. Rb8 Nb6 44. Rb7+ 1-0

[Event "Bundesliga 2021-22"]
[Site "Berlin GER"]
[Date "2022.07.08"]
[Round "12.4"]
[Board "5"]
[White "Coenen, Michael"]
[Black "Braun, Arik"]
[Result "0-1"]
[WhiteTitle "FM"]
[BlackTitle "GM"]
[WhiteElo "2326"]
[BlackElo "2587"]
[WhiteTeam "Duesseldorfer SK"]
[BlackTeam "SC Viernheim"]
[WhiteFideId "4697367"]
[BlackFideId "4663527"]
[EventDate "2022.03.05"]

1. e4 c5 2. Nf3 e6 3. g3 Nc6 4. Bg2 Nf6 5. d3 d5 6. Nbd2 Be7 7. O-O b6 8. Re1
Bb7 9. c3 Qc7 10. Nf1 dxe4 11. dxe4 Rd8 12. Qa4 O-O 13. Bf4 Qc8 14. e5 Nd7 15.
h4 Na5 16. Rad1 c4 17. Qc2 Nc5 18. Bg5 Bxg5 19. Nxg5 Nd3 20. b3 Bxg2 21. Kxg2 h6
22. Re3 hxg5 23. bxc4 Qc6+ 24. Kg1 Nxc4 25. Rdxd3 Rxd3 26. Rxd3 Nxe5 27. Re3
Nf3+ 28. Kh1 f5 29. Qd1 g4 30. Nh2 Nxh4+ 31. f3 Nxf3 32. Nxf3 gxf3 33. Rxf3 Qa8
34. Kh2 Rd8 35. Qe2 Qd5 36. Re3 Rd6 37. Qh5 Qd2+ 38. Re2 Qh6 39. Qxh6 gxh6 0-1

[Event "Bundesliga 2021-22"]
[Site "Berlin GER"]
[Date "2022.07.08"]
[Round "12.4"]
[Board "6"]
[White "Maze, Sebastien"]
[Black "Harff, Marcel"]
[Result "1-0"]
[WhiteTitle "GM"]
[BlackTitle "FM"]
[WhiteElo "2527"]
[BlackElo "2359"]
[WhiteTeam "SC Viernheim"]
[BlackTeam "Duesseldorfer SK"]
[WhiteFideId "613762"]
[BlackFideId "24621382"]
[EventDate "2022.03.05"]

1. e4 c5 2. Nf3 Nc6 3. Bb5 g6 4. Bxc6 dxc6 5. d3 Bg7 6. Nc3 Nf6 7. Be3 b6 8. h3
O-O 9. Qd2 Re8 10. Bh6 e5 11. Bxg7 Kxg7 12. g4 h5 13. g5 Nh7 14. O-O-O Qe7 15.
Rdg1 Nf8 16. Nh4 Kh7 17. f4 exf4 18. Qxf4 Ne6 19. Qe3 Nd4 20. Rf1 Kg7 21. Rf6
Qe5 22. Rhf1 Be6 23. Ng2 Re7 24. h4 Rd8 25. Nf4 Bg4 26. Qf2 Rdd7 27. Rxg6+ fxg6
28. Nxh5+ Kh7 29. Nf6+ Kh8 30. Nxd7 1-0

[Event "Bundesliga 2021-22"]
[Site "Berlin GER"]
[Date "2022.07.08"]
[Round "12.4"]
[Board "7"]
[White "Hainke, Guntram"]
[Black "Zaragatski, Ilja"]
[Result "0-1"]
[WhiteTitle "FM"]
[BlackTitle "GM"]
[WhiteElo "2302"]
[BlackElo "2515"]
[WhiteTeam "Duesseldorfer SK"]
[BlackTeam "SC Viernheim"]
[WhiteFideId "24619094"]
[BlackFideId "4655192"]
[EventDate "2022.03.05"]

1. d4 d5 2. c4 e6 3. Nc3 Nf6 4. cxd5 exd5 5. Bg5 Be7 6. e3 O-O 7. Bd3 Re8 8. Nf3
h6 9. Bh4 c6 10. O-O Ne4 11. Bxe7 Qxe7 12. Qc2 Bf5 13. Rab1 Nd7 14. b4 Nxc3 15.
Qxc3 Bxd3 16. Qxd3 a6 17. a4 Nb6 18. a5 Nc4 19. Nd2 Nd6 20. Nb3 Qg5 21. Nc5 Re7
22. Rbe1 Rae8 23. Re2 Nf5 24. e4 dxe4 25. Nxe4 Qg6 26. Rfe1 Rd8 27. Nc5 Rxe2 28.
Qxe2 Nxd4 29. Qe7 Nf3+ 30. Kh1 Nxe1 31. Qxd8+ Kh7 32. g3 Qg4 33. Kg1 Qh3 0-1

[Event "Bundesliga 2021-22"]
[Site "Berlin GER"]
[Date "2022.07.08"]
[Round "12.4"]
[Board "8"]
[White "Abergel, Thal"]
[Black "Agrest, Inna"]
[Result "1-0"]
[WhiteTitle "GM"]
[BlackTitle "WIM"]
[WhiteElo "2374"]
[BlackElo "2245"]
[WhiteTeam "SC Viernheim"]
[BlackTeam "Duesseldorfer SK"]
[WhiteFideId "614890"]
[BlackFideId "1708830"]
[EventDate "2022.03.05"]

1. e4 e5 2. Nf3 Nc6 3. Bc4 Nf6 4. d3 h6 5. c3 d6 6. a4 g5 7. Qb3 Qd7 8. a5 Bg7
9. Nbd2 O-O 10. Nf1 Ne7 11. Ng3 c6 12. d4 exd4 13. Nxd4 d5 14. exd5 Nfxd5 15.
O-O f5 16. f4 Kh8 17. fxg5 f4 18. gxh6 Bxh6 19. Qd1 Qe8 20. Re1 Qg6 21. Bd3 Qg4
22. Qxg4 Bxg4 23. h3 Bxh3 24. gxh3 Rg8 25. Ne2 Bf8 26. Bxf4 Nxf4 27. Nxf4 Rxg3+
28. Kf2 Rg8 29. Ra4 Rg7 30. Re5 Rd8 31. Rh5+ Kg8 32. Bc4+ Nd5 33. Nxd5 cxd5 34.
Bxd5+ 1-0

[Event "Bundesliga 2021-22"]
[Site "Berlin GER"]
[Date "2022.07.08"]
[Round "12.5"]
[Board "1"]
[White "Huschenbeth, Niclas"]
[Black "Shevchenko, Kirill"]
[Result "1/2-1/2"]
[WhiteTitle "GM"]
[BlackTitle "GM"]
[WhiteElo "2611"]
[BlackElo "2652"]
[WhiteTeam "FC Bayern Muenchen"]
[BlackTeam "SV Werder Bremen"]
[WhiteFideId "24604747"]
[BlackFideId "14129574"]
[EventDate "2022.03.05"]

1. e4 e5 2. Nf3 Nc6 3. Bb5 a6 4. Ba4 Nf6 5. O-O Nxe4 6. d4 b5 7. Bb3 d5 8. dxe5
Be6 9. c3 Bc5 10. Nbd2 O-O 11. Bc2 Nxf2 12. Rxf2 f6 13. Qe2 fxe5 14. Nb3 Bxf2+
15. Qxf2 e4 16. Qe1 Qd6 17. Nfd4 Ne5 18. Qg3 Rf6 19. Bg5 Rg6 20. Nc5 Nf3+ 21.
gxf3 Qxc5 22. Kh1 Bd7 23. fxe4 dxe4 24. Rg1 h6 25. Be7 Rxg3 26. Bxc5 Rxg1+ 27.
Kxg1 Re8 28. Bd1 Re5 29. b4 Rg5+ 30. Kf2 Bh3 31. Ke3 Rg2 32. Ba7 Rxh2 33. Bb8
Bc8 34. Kxe4 Rh3 35. Bb3+ 1/2-1/2

[Event "Bundesliga 2021-22"]
[Site "Berlin GER"]
[Date "2022.07.08"]
[Round "12.5"]
[Board "2"]
[White "McShane, Luke J"]
[Black "Santos Ruiz, Miguel"]
[Result "1-0"]
[WhiteTitle "GM"]
[BlackTitle "GM"]
[WhiteElo "2647"]
[BlackElo "2597"]
[WhiteTeam "SV Werder Bremen"]
[BlackTeam "FC Bayern Muenchen"]
[WhiteFideId "404853"]
[BlackFideId "22291482"]
[EventDate "2022.03.05"]

1. e4 e5 2. Nf3 Nf6 3. Nxe5 d6 4. Nf3 Nxe4 5. d3 Nf6 6. d4 d5 7. Bd3 Bd6 8. Qe2+
Be6 9. c4 dxc4 10. Bxc4 Qe7 11. O-O Bxc4 12. Qxc4 O-O 13. Re1 Qd7 14. Nc3 Qf5
15. Bg5 Nbd7 16. Qb3 a5 17. Rac1 Ra6 18. Bxf6 Nxf6 19. Nb5 Rb6 20. Nxd6 Qd7 21.
Ne5 Qxd6 22. Qc3 Rb5 23. Nc4 Qb4 24. Qxb4 Rxb4 25. a3 Rb3 26. Nxa5 Rxb2 27. Rxc7
Re8 28. Rxe8+ Nxe8 29. Rxb7 Ra2 30. g3 Rxa3 31. Nc4 Ra8 32. d5 Kf8 33. d6 Ra1+
34. Kg2 Rd1 35. d7 1-0

[Event "Bundesliga 2021-22"]
[Site "Berlin GER"]
[Date "2022.07.08"]
[Round "12.5"]
[Board "3"]
[White "Bogner, Sebastian"]
[Black "Fressinet, Laurent"]
[Result "1-0"]
[WhiteTitle "GM"]
[BlackTitle "GM"]
[WhiteElo "2573"]
[BlackElo "2630"]
[WhiteTeam "FC Bayern Muenchen"]
[BlackTeam "SV Werder Bremen"]
[WhiteFideId "4692055"]
[BlackFideId "608742"]
[EventDate "2022.03.05"]

1. d4 Nf6 2. c4 e6 3. Nc3 d5 4. cxd5 exd5 5. Bg5 c6 6. e3 h6 7. Bh4 Be7 8. Bd3
O-O 9. Qc2 Ne8 10. Bg3 Nd6 11. Nge2 Re8 12. O-O Bf8 13. Rae1 a5 14. Nc1 Na6 15.
a3 Be6 16. Nb3 Nc4 17. Ne2 a4 18. Bxc4 dxc4 19. Nd2 b5 20. e4 b4 21. Nxc4 Bxc4
22. Qxc4 Rxe4 23. Be5 Qd5 24. Qc2 b3 25. Qc3 Nc5 26. Nf4 Rxf4 27. Bxf4 Ne6 28.
Be3 Rd8 29. Rc1 f5 30. Qxc6 f4 31. Qxd5 Rxd5 32. Rc4 fxe3 33. fxe3 Rd8 34. Rxa4
Ng5 35. Ra7 Rb8 36. a4 Ba3 37. a5 Bxb2 38. a6 Rb6 39. Rb1 Bc3 40. Rc7 1-0

[Event "Bundesliga 2021-22"]
[Site "Berlin GER"]
[Date "2022.07.08"]
[Round "12.5"]
[Board "4"]
[White "Edouard, Romain"]
[Black "Dragnev, Valentin"]
[Result "0-1"]
[WhiteTitle "GM"]
[BlackTitle "GM"]
[WhiteElo "2591"]
[BlackElo "2546"]
[WhiteTeam "SV Werder Bremen"]
[BlackTeam "FC Bayern Muenchen"]
[WhiteFideId "633429"]
[BlackFideId "1634852"]
[EventDate "2022.03.05"]

1. d4 Nf6 2. Bf4 d5 3. e3 c5 4. Nf3 Nc6 5. Nbd2 Bg4 6. c3 e6 7. Qb3 Qc8 8. Ne5
Nxe5 9. dxe5 c4 10. Qc2 Nd7 11. e4 Be7 12. exd5 exd5 13. Nf3 Nc5 14. Nd4 O-O 15.
b4 Ne6 16. Be3 Nxd4 17. Bxd4 a5 18. b5 f6 19. Be2 fxe5 20. Bxe5 Bxe2 21. Qxe2
Re8 22. O-O Bf6 23. f4 Qc5+ 24. Kh1 Qxb5 25. Rab1 Qc6 26. a4 Qxa4 27. Rxb7 Qc6
28. Rfb1 Bxe5 29. fxe5 Qe6 30. h4 a4 31. R1b6 Qxe5 32. Qxe5 Rxe5 33. Rd6 Rh5 34.
Rdd7 Rxh4+ 35. Kg1 Rg4 36. Rxd5 a3 37. Rdb5 Rg3 38. Kh2 Rxc3 39. Rg5 g6 40. Re5
Rb3 41. Rc7 a2 0-1

[Event "Bundesliga 2021-22"]
[Site "Berlin GER"]
[Date "2022.07.08"]
[Round "12.5"]
[Board "5"]
[White "Lokander, Martin"]
[Black "Van Foreest, Lucas"]
[Result "0-1"]
[WhiteTitle "IM"]
[BlackTitle "GM"]
[WhiteElo "2475"]
[BlackElo "2572"]
[WhiteTeam "FC Bayern Muenchen"]
[BlackTeam "SV Werder Bremen"]
[WhiteFideId "1709569"]
[BlackFideId "1039792"]
[EventDate "2022.03.05"]

1. d4 d5 2. c4 e6 3. Nf3 Nf6 4. Nc3 h6 5. Bf4 Bd6 6. Bxd6 Qxd6 7. c5 Qe7 8. e3
O-O 9. b4 a6 10. a4 b6 11. a5 Nc6 12. axb6 cxb6 13. b5 Na5 14. Rxa5 bxa5 15. b6
Nd7 16. Be2 Nxc5 17. dxc5 Qxc5 18. Qd4 Qxd4 19. exd4 Rb8 20. Na4 Bd7 21. Nc5
Rxb6 22. Bd3 Rfb8 23. Kd2 Rb2+ 24. Bc2 Be8 25. Ra1 a4 26. Kc3 R2b4 27. Bd3 a5
28. Ra2 Rc8 29. Ba6 Rc7 30. Ne5 f6 31. Nd3 Rb6 32. Kd2 e5 33. Ke3 g5 34. g3 Kf8
35. f4 gxf4+ 36. gxf4 e4 37. Nb2 Rxa6 38. Nxa6 Rc3+ 39. Kd2 Rh3 40. Kc1 Rxh2 41.
Ra3 h5 42. Nc7 Bf7 43. Nxa4 h4 44. Nb6 Rh1+ 45. Kb2 h3 46. Nbxd5 h2 47. Rh3 a4
48. f5 a3+ 49. Ka2 Rc1 50. Ne6+ Bxe6 51. fxe6 h1=Q 52. Rxh1 Rxh1 53. e7+ Ke8 54.
Nxf6+ Kxe7 55. Nxe4 Rh3 56. Ka1 Kd7 57. d5 Kc7 58. d6+ Kc6 59. Ka2 Re3 60. d7
Kxd7 61. Nc5+ Kc6 62. Nb3 Kb5 63. Nd4+ Ka4 64. Nc2 Re2 65. Kb1 a2+ 66. Ka1 Rd2 0-1

[Event "Bundesliga 2021-22"]
[Site "Berlin GER"]
[Date "2022.07.08"]
[Round "12.5"]
[Board "6"]
[White "Babula, Vlastimil"]
[Black "Zajogin, Alexander"]
[Result "1-0"]
[WhiteTitle "GM"]
[WhiteElo "2568"]
[BlackElo "2399"]
[WhiteTeam "SV Werder Bremen"]
[BlackTeam "FC Bayern Muenchen"]
[WhiteFideId "301264"]
[BlackFideId "13500430"]
[EventDate "2022.03.05"]

1. d4 Nf6 2. c4 e6 3. Nf3 Bb4+ 4. Bd2 a5 5. g3 d5 6. Bg2 O-O 7. Qc2 dxc4 8. Qxc4
b6 9. Qc2 Ba6 10. Nc3 Nc6 11. a3 Bxc3 12. Bxc3 Qd5 13. O-O Rad8 14. Rfe1 Qh5 15.
e4 Ne7 16. h3 Nd7 17. Rad1 Bb7 18. g4 Qg6 19. Bd2 c5 20. Nh4 Qf6 21. g5 Qxd4 22.
Bf4 Nc6 23. Nf3 1-0

[Event "Bundesliga 2021-22"]
[Site "Berlin GER"]
[Date "2022.07.08"]
[Round "12.5"]
[Board "7"]
[White "Ribli, Zoltan"]
[Black "Grigorian, Spartak"]
[Result "1/2-1/2"]
[WhiteTitle "GM"]
[BlackTitle "IM"]
[WhiteElo "2523"]
[BlackElo "2472"]
[WhiteTeam "FC Bayern Muenchen"]
[BlackTeam "SV Werder Bremen"]
[WhiteFideId "700010"]
[BlackFideId "24661490"]
[EventDate "2022.03.05"]

1. Nf3 Nf6 2. g3 b5 3. Bg2 Bb7 4. O-O c5 5. d3 e6 6. e4 d6 7. a4 b4 8. Nbd2 Be7
9. Nc4 Nc6 10. a5 Rc8 11. a6 Ba8 12. c3 O-O 13. Bd2 d5 14. exd5 Nxd5 15. Qc2 Bf6
16. Rfe1 h6 17. Nfe5 Qc7 18. Ng4 Be7 19. Qd1 Rfd8 20. Qe2 Bf8 21. h4 Nb6 22. Bf4
Qe7 23. Nxb6 axb6 24. Ne5 Nxe5 25. Bxe5 Bxg2 26. Kxg2 f6 27. Bf4 e5 28. Be3 Ra8
29. cxb4 Rxa6 30. bxc5 bxc5 31. Qc2 Rb6 32. Kh2 Qf7 33. Bxc5 Bxc5 34. Qxc5 Rxb2
35. Ra7 Rb7 36. Rea1 Rxa7 37. Rxa7 Qf8 1/2-1/2